000 00537cam a2200181 4500
001 1471
003 OCoLC
005 20181127163347.0
008 930122r19931992nyu 000 1 eng d
020 _a0553560441
100 1 _aLudlum, Robert,
_d1927-2001.
245 1 4 _aThe road to Omaha /
_cRobert Ludlum.
260 _aNew Delhi :
_bHarperCollins,
_c1992.
300 _a563 p. ;
_c18 cm.
650 0 _aIndians of North America
_xLegal status, laws, etc.
_xFiction.
655 7 _aHumorous stories.
_2gsafd.
655 7 _aLegal stories.
_2gsafd.
999 _c1094
_d1094